000 01100cas a22002535a 4500
001 L142828
008 080312c2005 xxkqr ws ss 0 a0eng d
035 _a(Sirsi) u142828
041 0 _aeng
050 _a333.32 $2 18
110 2 _aCB Richard Ellis
_93675
245 0 0 _aAsian investment market flash
_h[electronic resource]
260 _a[S.l.]
_bCBRE
_c2005-
362 0 _a2005-
490 0 _aCB Richard Ellis Asian Investment Market Flash
510 2 _aKnowledge Alert
_c2006-
520 _aHighlights the major investment activity across all property sectors (i.e. hotel, retail, office and industrial, luxury residential). Includes commentary on Asian investment markets. Details major transactions, including REITS activity, and comments on investment conditions on a city by city or country basis.
554 _aFour per year
650 2 4 _aCB RICHARD ELLIS ASIAN INVESTMENT MARKET FLASH
651 4 _aAsia
690 _aPROPERTY-COMMERCIAL PROPERTY-COMMERCIAL PROPERTY MARKET
856 4 0 _uhttps://www.cbre.com/
_zView this report free of charge at www.cbre.com...
942 _n0
999 _c119169
_d119169